ناکامِ محبت ساحر لدھیانوی (Record no. 164639)

MARC details
000 -LEADER
fixed length control field 00750nam a22002177a 4500
005 - DATE AND TIME OF LATEST TRANSACTION
control field 20190523161502.0
008 - FIXED-LENGTH DATA ELEMENTS--GENERAL INFORMATION
fixed length control field 090109t xxu||||| |||| 00| 0urd d
010 ## - LCCN (DPL NO)
LC control number B-283698
020 ## - INTERNATIONAL STANDARD BOOK NUMBER
Terms of availability 125.00
International Standard Book Number 8182232732
035 ## - SYSTEM CONTROL NUMBER
System control number B-283698
037 ## - SOURCE OF ACQUISITION
Source of stock number/acquisition BPPD/Ven
040 ## - CATALOGING SOURCE
Original cataloging agency DPL
Language of cataloging Urd.
082 ## - DEWEY DECIMAL CLASSIFICATION NUMBER
Classification number 841.092
100 ## - MAIN ENTRY--PERSONAL NAME
9 (RLIN) 12785
Personal name اضہر جاويد
245 ## - TITLE STATEMENT
Title ناکامِ محبت ساحر لدھیانوی
Remainder of title اضہر جاويد
246 ## - VARYING FORM OF TITLE
Title proper/short title NAKAM-E-MOHABBAT SAHIR LUDHYANVI
Remainder of title by Azhar Javed
260 ## - PUBLICATION, DISTRIBUTION, ETC. (IMPRINT)
Place of publication, distribution, etc Delhi
Date of publication, distribution, etc 2008
Name of publisher, distributor, etc Educational Publishing House
270 ## - ADDRESS
Address 3108, Gali Vakil, Kucha Pandit, Lal Kuan
City New Delhi
Postal code 110006
Telephone number 011 23216162
Fax number -9101123211542
300 ## - PHYSICAL DESCRIPTION
Extent 156 ص
Dimensions 23 س م (Hb)
942 ## - ADDED ENTRY ELEMENTS (KOHA)
Source of classification or shelving scheme Dewey Decimal Classification
Item type Urdu Bks
Classification part 841
Call number suffix .092
Holdings
Withdrawn status Lost status Source of classification or shelving scheme Damaged status Not for loan Home library Current library Date acquired Cost, normal purchase price Total Checkouts Full call number Date last seen Copy number Cost, replacement price Koha item type
    Dewey Decimal Classification     Shahdara Branch Shahdara Branch 23/05/2019 125.00   841 .092 23/05/2019 1 125.00 Urdu Bks

© Delhi Public Library
Hit Counter
free hit counter